Estadísticas para Cultura General #17

Haz click aquí para intentar la prueba.

Estadísticas generales

  • Esta prueba ha sido intentada 406 veces
  • La puntuación promedio es 9 de 20

Estadísticas de respuestas

PreguntaRespuesta% Correcto
¿Qué tipo de arma lleva Thor?Martillo
97%
¿A qué atleta español se le conoce como "Rafa" para abreviar?Rafael Nadal
88%
Alfabéticamente, ¿qué país ocupa el último lugar en Sudamérica?Venezuela
77%
¿Qué estilo de peinado llevaba Bob Marley?Rastas
61%
¿Qué tiburón gentil es la especie de pez más grande?Tiburón {Ballena}
60%
¿Cuál suele considerarse el quinto océano del mundo,
después del Pacífico, el Atlántico, el Índico y el Ártico?
Océano Antártico
59%
¿Qué sufijo significa "estudio de"?-logía
57%
En la mitología griega, ¿qué personificaba la diosa primordial Gea?La Tierra
49%
¿Qué país tiene más musulmanes chiíes?Irán
47%
¿Qué personaje bíblico tuvo la vida más larga: 969 años?Matusalén
45%
En los EE.UU. se le llama "Fat Tuesday", como se le llama en Latinoamérica?Martes de Carnaval
42%
¿En qué país se encuentra el lago Baikal?Rusia
39%
¿Cuál es el estado más meridional de Estados Unidos?Hawái
38%
¿Qué registro vocal se encuentra entre el de tenor y el de bajo?Barítono
37%
¿Quién es el actual Príncipe de Gales?Príncipe Guillermo
36%
¿Qué bebida alcohólica se elabora con miel fermentada?Hidromiel
28%
¿Qué avión supersónico desarrollaron conjuntamente Francia y el Reino Unido?Concorde
27%
¿Qué utilizan los submarinos para ver por encima del agua cuando están sumergidos?Periscopio
25%
¿Qué tipo de árbol está estrechamente relacionado con el Líbano?Cedro
20%
¿De qué tipo de palabra son ejemplos "kayak", "sagas" y "radar"?Palíndromo
14%

Distribución de puntuación

Porcentaje por número respondido

Porcentaje de gente con cada puntuación

Historial de tus puntuaciones

No has intentado esta prueba.